[Event "Fide Inter Con Cup U18"]
[Site "Tornelo INT"]
[Date "2020.10.10"]
[Round "4"]
[White "Vera Villalba, Marcelo Amin"]
[Black "Seemann, Jakub"]
[Result "0-1"]
[WhiteElo "1099"]
[BlackElo "1938"]
[PlyCount "80"]
[EventDate "2020.10.10"]
[EventType "swiss (rapid)"]
[EventRounds "6"]
[EventCountry "NET"]
[SourceTitle "EXT 2022"]
[Source "ChessBase"]
[SourceDate "2021.10.06"]
[SourceVersion "1"]
[SourceVersionDate "2021.10.06"]
[SourceQuality "1"]

1. e4 c5 2. Nc3 Nc6 3. g3 g6 4. Bg2 Bg7 5. Nge2 d6 6. d3 e6 7. 0-0 Nge7 8. Be3 0-0 9. d4 cxd4 10. Nxd4 Nxd4 11. Bxd4 Nc6 12. Bxg7 Kxg7 13. Re1 a6 14. a4 Qe7 15. f4 Rd8 16. Qe2 Qc7 17. Rad1 b6 18. Qe3 Bb7 19. g4 Na5 20. h4 Qc5 21. Qxc5 bxc5 22. Rf1 Nc4 23. Rb1 Nd2 24. Rbd1 Nxf1 25. Rxf1 Bc6 26. f5 Rab8 27. fxg6 fxg6 28. h5 Rxb2 29. hxg6 hxg6 30. Rc1 d5 31. exd5 exd5 32. g5 Rb4 33. Re1 Rg4 34. Re6 d4 35. Rxc6 dxc3 36. Rxa6 Rd2 37. Rb6 Rgxg2+ 38. Kf1 Rdf2+ 39. Ke1 Rxc2 40. a5 Rc1# 0-1